| 000 | 00765nam a2200205Ia 4500 | ||
|---|---|---|---|
| 001 | 17661 | ||
| 003 | GE_BSU | ||
| 008 | 181216s||||||||xx |||||||||||||| ||und|| | ||
| 040 | _cGE_BSU | ||
| 080 | _a621.396.6(035.5) | ||
| 245 | _aСправочник-задачник по основам электрорадиотехники и радиолокации. | ||
| 245 | _cПод общей редакцией Г.В.Зимина. Ред. А.П.Карусь. | ||
| 260 | _aМ. | ||
| 260 | _bВоенное изд-во. | ||
| 260 | _c1967. | ||
| 300 | _a528 стр. с илл. 21 см. | ||
| 300 | _eТабл. | ||
| 653 | _aСправочник-задачник по основам электрорадиотехники и радиолокации. | ||
| 942 | _cBK | ||
| 999 |
_c50710 _d50710 |
||